00435pab a2200145 454500008004000000100002300040245007300063260000900136300001500145362001200160650003200172650002000204700002600224773003900250180718b2010 xxu||||| |||| 00| 0 eng d aArunatilake, Nisha aWhy people choose to participate in the informal sector in Sri Lanka c2010 ap.225-249. aApr-Jun aInformal sector - Sri Lanka aInformal sector aJayawardena, Priyanka aIndian Journal of Labour Economics